L’année 2022 - Statistiques

Statistiques générales
  • Ce quiz a été pris 425 fois
  • Le résultat moyen est 11 sur 28
Statistiques - réponses
Hint Réponse % Correct
Quel milliardaire américain a racheté le réseau social Twitter ? Elon Musk
96%
Qui a remporté le tournoi des Six Nations ? France
86%
Quel footballeur a été désigné Ballon d’or 2022 ? Karim Benzema
85%
Quel pays est arrivé 4ème lors de la Coupe du Monde, réalisant une percée historique ? Maroc
68%
Dans quel pays le décès de Mahsa Amini, arrêtée par la police des mœurs, a-t-il déclenché des manifestations ? Iran
67%
Quel nom a pris le nouveau Roi qui a succédé à Elizabeth II sur le trône britannique ? Charles III
66%
Qui a pris la tête du Rassemblement national (RN) le 5 novembre ? Jordan Bardella
66%
Comment s’appelle le président ukrainien, personnalité de l’année selon le Time ? Volodymyr Zelensky
62%
Combien d’année a régné Élisabeth II jusqu’à sa mort ? Elle a fêté son jubilé de platine en juin. 70 ans
61%
Comment s’appelle le nouveau président brésilien ? Luiz Inácio Lula da Silva
53%
Qui a représenté le parti Les Républicains lors de la présidentielle française de 2022 ? Valérie Pécresse
42%
Comment s’appelle le dernier dirigeant de l’URSS mort cette année ? Mikhaïl Gorbatchev
41%
Dans quel pays, Droupadi Murmu a été élue présidente ? Elle devient la première présidente d’origine tribale. Inde
32%
Dans quel pays a eu lieu le premier Convoi de la liberté contre l’obligation vaccinale ? Canada
31%
Quelle est la date d’invasion de l’Ukraine par la Russie ? 24 février 2022
28%
Comment s’appelle la nouvelle Première ministre italienne ? Giorgia Meloni
27%
Quel pays a été le plus médaillé lors de Jeux Olympiques de Chine ? Norvège
27%
Qui a été nommé Ministre de l’Education dans le nouveau gouvernement d’Elisabeth Borne ? Pap Ndiaye
26%
Comment s’appelle la jeune fille de 12 ans retrouvée morte en octobre en France, débutant une affaire criminelle alors ? Lola
25%
Dans quel pays s’est déroulé la COP27 ? Égypte
24%
Comment s’appelle le nationaliste corse qui est mort en prison par son codétenu, déclenchant des émeutes en Corse ? Yvan Colonna
19%
Dans quel pays a eu lieu de fortes inondations de juin à octobre 2022 faisant au moins 1 739 morts ? Pakistan
16%
Comment s’appelle la présidente de l’Assemblée Nationale, première femme à ce poste en France ? Yaël Braun-Pivet
15%
Comment s’appelle la Première Ministre britannique ayant tenue seulement 44 jours avant de démissionner ? Liz Truss
14%
Qui est arrivé en tête de la primaire populaire en janvier 2022 ? Christiane Taubira
12%
Dans quel pays s’est déroulé la guerre du Tigré, où la paix a été signé en novembre mettant fin à 2 ans de guerre ? Éthiopie
10%
Sur quel arrêt, les USA sont-ils revenus par la Cour Suprême déclenchant la colère de millions de personnes ? Roe v. Wade
4%
Dans quel pays a eu lieu une révolte en janvier contre le président et son gouvernement, elle a été fortement réprimée ? Kazakhstan
2%
Aucun quiz correspondant
Distribution des résultats
% des personnes avec chaque résultat
Percentile par nombre de réponses
Votre historique - résultats
Vous n’avez pas pris ce quiz